000 00345nam a2200121Ia 4500
008 190216s9999||||xx |||||||||||||| ||und||
100 _aPrem Puri & Sudarshan Chopra
245 0 _aPremier Digest Arithmetic For Competitive Examinations
260 _bSulthan Chand&Sons
_c1981
300 _a305p
650 _aCompetitive Exams
942 _cREF
999 _c35741
_d35741